Eliminación por categoría - Jugadores de fútbol #2 - Estadísticas

Estadísticas generales
  • Esta prueba ha sido intentada 119 veces
  • La puntuación promedio es 8 de 10
Estadísticas de respuestas
Group
Hint
Respuesta % Correcto
Verde ... Que no sean españoles 59
100%
Verde Jugadores que hayan jugado más de 50 partidos con Messi 76
100%
Verde ... Que jueguen de delantero o centrocampista 29
99%
Rojo Jugadores con 5 o más goles en la temporada 24-25 en LALIGA 56
97%
Rojo ... Que no fuesen el máximo goleador de su equipo 36
96%
Rojo ... Que sean españoles 14
91%
Verde ... Que también hayan jugado con Cristiano Ronaldo 5
82%
Rojo ... Con 7 o más asistencias en esa temporada 4
79%
Verde ... Y que haya jugado en el PSG 1 Ángel Di María
75%
Rojo ... Y que jugara en el Villarreal 1 Alejandro Baena
27%
No se encontraron pruebas coincidentes
Distribución de puntuación
Porcentaje de gente con cada puntuación
Porcentaje por número respondido
Historial de tus puntuaciones
No has intentado esta prueba.